MARC details
| 000 -LEADER |
| fixed length control field |
02307cam a22003378i 4500 |
| 001 - CONTROL NUMBER |
| control field |
798615401 |
| 003 - CONTROL NUMBER IDENTIFIER |
| control field |
OCoLC |
| 005 - DATE AND TIME OF LATEST TRANSACTION |
| control field |
20241126110700.0 |
| 008 - FIXED-LENGTH DATA ELEMENTS--GENERAL INFORMATION |
| fixed length control field |
130528s2013 ilu b 001 0 eng |
| 010 ## - |
| -- |
2013013929 |
| 020 ## - INTERNATIONAL STANDARD BOOK NUMBER |
| International Standard Book Number |
9780802405999 |
| 020 ## - INTERNATIONAL STANDARD BOOK NUMBER |
| International Standard Book Number |
0802405991 |
| 035 ## - SYSTEM CONTROL NUMBER |
| System control number |
(OCoLC)798615401 |
| Canceled/invalid control number |
(OCoLC)858918774 |
| 040 ## - CATALOGING SOURCE |
| Original cataloging agency |
DLC |
| Language of cataloging |
eng |
| Description conventions |
rda |
| Transcribing agency |
DLC |
| Modifying agency |
BTCTA |
| -- |
YDXCP |
| -- |
BDX |
| -- |
IAD |
| -- |
PAP |
| 042 ## - |
| -- |
pcc |
| 050 00 - |
| -- |
BT1103 |
| -- |
.C745 2013 |
| 082 00 - DEWEY DECIMAL CLASSIFICATION NUMBER |
| Classification number |
239 |
| Edition information |
23 |
| Item number |
CRA |
| 100 1# - MAIN ENTRY--PERSONAL NAME |
| Personal name |
Craig, William Lane. |
| Authority record control number or standard number |
http://id.loc.gov/authorities/names/n77011430 |
| 9 (RLIN) |
1395 |
| 245 12 - TITLE STATEMENT |
| Title |
A reasonable response : |
| Remainder of title |
answers to tough questions on God, Christianity, and the Bible / |
| Statement of responsibility, etc. |
William Lane Craig, and Joseph E. Gorra. |
| 264 #1 - PRODUCTION, PUBLICATION, DISTRIBUTION, MANUFACTURE, AND COPYRIGHT NOTICE |
| Place of production, publication, distribution, manufacture |
Chicago : |
| Name of producer, publisher, distributor, manufacturer |
Moody Publishers, |
| Date of production, publication, distribution, manufacture, or copyright notice |
2013. |
| 300 ## - PHYSICAL DESCRIPTION |
| Extent |
429 pages ; |
| Dimensions |
23 cm |
| 336 ## - CONTENT TYPE |
| Content type term |
text |
| Source |
rdacontent |
| 337 ## - MEDIA TYPE |
| Media type term |
unmediated |
| Source |
rdamedia |
| 338 ## - CARRIER TYPE |
| Carrier type term |
volume |
| Source |
rdacarrier |
| 504 ## - BIBLIOGRAPHY, ETC. NOTE |
| Bibliography, etc. note |
Includes bibliographical references and index. |
| 505 0# - FORMATTED CONTENTS NOTE |
| Formatted contents note |
A meditation on the practice and ministry of answering questions -- Questions on knowing and believing what is real. On believing and knowing ; On argumentation and logic ; On the basis for objective morality ; On the authority of scripture -- Questions about God. On the existence of God ; On the trinity ; On divine attributes -- Questions about origins and the meaning of life. On the origins of the universe ; God and time ; On atheism and meaning in life ; On theology and science -- Questions about the afterlife and evil. On the afterlife, hell, and the unevangelized ; On the problem of evil -- Questions about Jesus Christ and being his disciple. On Jesus ; On discipleship to Jesus -- Questions about issues of Christian practice. On social-moral issues ; On practical advice -- Where do we go from here? |
| 520 ## - SUMMARY, ETC. |
| Summary, etc. |
Offers dozens of examples of how some of the most common challenges to Christian thought can be addressed, including why God allows evil, how Christianity relates to modern science, and what proof exists that God is real. |
| 650 #0 - SUBJECT ADDED ENTRY--TOPICAL TERM |
| Topical term or geographic name entry element |
Apologetics |
| Authority record control number or standard number |
http://id.loc.gov/authorities/subjects/sh85006028 |
| Form subdivision |
Miscellanea. |
| Authority record control number or standard number |
http://id.loc.gov/authorities/subjects/sh99001794 |
| 9 (RLIN) |
8680 |
| 655 #7 - INDEX TERM--GENRE/FORM |
| Genre/form data or focus term |
Trivia and miscellanea. |
| Source of term |
lcgft |
| Authority record control number or standard number |
http://id.loc.gov/authorities/genreForms/gf2014026201 |
| 9 (RLIN) |
15567 |
| 942 ## - ADDED ENTRY ELEMENTS (KOHA) |
| Source of classification or shelving scheme |
Dewey Decimal Classification |
| Koha item type |
Books |
| Koha issues (borrowed), all copies |
16 |